| 000 | 00783cab a22001935a 4500 | ||
|---|---|---|---|
| 001 | L150378 | ||
| 008 | 100707e1977 xxk 000 0 eng d | ||
| 035 | _a(Sirsi) u150378 | ||
| 041 | 0 | _aeng | |
| 245 | 0 | 0 | _aSinger and Friedlander Ltd v John D Wood and Co. |
| 260 | _c1977 | ||
| 490 |
_aEstates Gazette _v[1977] 243 EG 212 |
||
| 520 | _aQBD 3 June 1977. Concerned with alleged negligent valuation of development land. Observations on valuer's duty and on factors and actions in valuting land. Set down principle of margin of error of between 1-% and 15%. "Held" claim allowed. | ||
| 590 | _aKA | ||
| 651 | 4 |
_aUnited Kingdom _y |
|
| 690 | _aPROPERTY-PROPERTY APPRAISAL AND VALUATION | ||
| 690 | _aMANAGEMENT-BUSINESS MANAGEMENT-PROFESSIONAL PRACTICE-NEGLIGENCE | ||
| 942 | _n0 | ||
| 999 |
_c82485 _d82485 |
||